|
|
|
|
| LEADER |
01158nam a2200241 a 4500 |
| 001 |
31719 |
| 003 |
BD-DhAAL |
| 005 |
20170604134016.0 |
| 008 |
170604s2007 bg ||||| |||| 00| 1 ben d |
| 999 |
|
|
|c 38161
|d 38161
|
| 020 |
|
|
|a 9848683992
|
| 040 |
|
|
|a BD-DhAAL
|b BD-DhAAL
|
| 082 |
|
|
|2 23
|a 891.44371
|
| 100 |
|
|
|a আহমেদ, হুমায়ুন
|9 21691
|
| 245 |
|
|
|a কে কথা কয় /
|c হুমায়ুন আহমেদ
|
| 260 |
|
|
|a ঢাকা :
|b অন্যপ্রকাশ
|c ২০০৭
|
| 300 |
|
|
|a ২৯৫ পৃষ্ঠা :
|c ২২ সে.মি.
|
| 526 |
|
|
|a AAL
|
| 541 |
|
|
|e 31719, 31720
|
| 650 |
|
|
|a Bengali fiction
|z Bangladesh
|9 21692
|
| 942 |
|
|
|2 ddc
|c BK
|
| 952 |
|
|
|0 0
|1 2
|2 ddc
|4 0
|6 891_443710000000000_AHM
|7 0
|8 FIC
|9 60749
|a BRACUL
|b BRACUL
|c GEN
|d 2017-05-22
|e Development Book Agency
|g 440.00
|l 9
|m 21
|o 891.44371 AHM
|p 3010031719
|q 2022-08-23
|r 2018-02-27
|s 2018-02-27
|t 1
|v 440.00
|w 2017-05-22
|y BK
|
| 952 |
|
|
|0 0
|1 0
|2 ddc
|4 0
|6 891_443710000000000_AHM
|7 0
|8 FIC
|9 60750
|a BRACUL
|b BRACUL
|c GEN
|d 2017-05-22
|e Development Book Agency
|g 440.00
|l 30
|m 194
|o 891.44371 AHM
|p 3010031720
|q 2026-06-02
|r 2026-05-20
|s 2026-05-20
|t 2
|v 440.00
|w 2017-05-22
|y BK
|